000 00258nam a22001217a 4500
008 171127b xxu||||| |||| 00| 0 eng d
041 _aeng
080 _a7
100 _a44
101 _aART
245 _aTHE BACHE COLLECTION
_cBRADFORD,W
942 _2udc
_cBK
999 _c38568
_d38568